000
00185 a2200097 4500
020
_a
9780836880267
041
_a
spa
100
_a
Mattern, Joanne
245
_a
Giganotosaurio
942
_c
BK
999
_c
9667
_d
9667